|
|
|
|
| LEADER |
00903nam a2200181 a 4500 |
| 001 |
GR-MES929 |
| 008 |
991111s1995 gr 000 0 gre d |
| 040 |
|
|
|a GrPaTEI
|b gre
|c GR-PaULI
|
| 245 |
0 |
0 |
|a Αυτός ο κόσμος ο μικρος,ο μέγας :
|b Η φυσική σήμερα
|n 2ος .
|p Οι δέκα κλίμακες της ύλης.
|
| 260 |
|
|
|a Ηράκλειο :
|b Πανεπιστημιακές εκδόσεις Κρήτης,
|c 1995
|
| 300 |
|
|
|a 438σελ. :
|b εικ.
|
| 500 |
|
|
|a περιέχει ευρετήριο
|
| 650 |
|
4 |
|a Φυσική
|
| 700 |
1 |
|
|a Οικονόμου, Ελευθέριος Ν.,
|d 1940-
|
| 942 |
|
|
|2 ddc
|
| 952 |
|
|
|0 0
|1 0
|2 ddc
|4 0
|6 530_124000000000000_ΟΙΚ
|7 0
|9 264673
|a MSLG
|b MSLG
|c BSC
|d 2021-01-17
|e 24
|f 0
|g 0.00
|l 0
|o 530.124 ΟΙΚ
|p 2420000006633
|r 2021-01-17 00:00:00
|t 1
|w 2021-01-17
|y BK15
|x 19991111 0 1
|x GrPaTEI
|
| 971 |
|
|
|a .b25719713
|b 15-04-20
|c 13-09-16
|
| 999 |
|
|
|c 152228
|d 152228
|